Fiesta (Record n. 102350)
[ formato base ]
| 000 -LEADER | |
|---|---|
| fixed length control field | 01203njm a2200301Ia 4500 |
| 001 - CONTROL NUMBER | |
| control field | B8897 |
| 003 - CONTROL NUMBER IDENTIFIER | |
| control field | IT-RoPAU |
| 005 - DATE AND TIME OF LATEST TRANSACTION | |
| control field | 20220918181153.0 |
| 008 - FIXED-LENGTH DATA ELEMENTS--GENERAL INFORMATION | |
| fixed length control field | 131025s9999 xx 000 0 und d |
| 040 ## - CATALOGING SOURCE | |
| Original cataloging agency | IT-RoPAU |
| 040 ## - CATALOGING SOURCE | |
| Transcribing agency | IT-RoPAU |
| 999 ## - SYSTEM CONTROL NUMBERS (KOHA) | |
| Koha Dewey Subclass [OBSOLETE] | n.d. |
| 100 ## - MAIN ENTRY--PERSONAL NAME | |
| Personal name | Kunzel Erich |
| 9 (RLIN) | 27822 |
| 100 ## - MAIN ENTRY--PERSONAL NAME | |
| Relator term | Autore musica |
| 9 (RLIN) | 29417 |
| 100 ## - MAIN ENTRY--PERSONAL NAME | |
| Miscellaneous information | Codice autore musica SPICS: 34123 |
| 9 (RLIN) | 27824 |
| 245 ## - TITLE STATEMENT | |
| Title | Fiesta |
| 250 ## - EDITION STATEMENT | |
| Edition statement | 1a ed. |
| 260 ## - PUBLICATION, DISTRIBUTION, ETC. (IMPRINT) | |
| Place of publication, distribution, etc. | AUSTRIA |
| 260 ## - PUBLICATION, DISTRIBUTION, ETC. (IMPRINT) | |
| Name of publisher, distributor, etc. | TELARC |
| Date of publication, distribution, etc. | 1990 [1a Ed.:1990 - Ed. Lingua Orig.: 1990] |
| 300 ## - PHYSICAL DESCRIPTION | |
| Extent | COMPACT DISC |
| 300 ## - PHYSICAL DESCRIPTION | |
| Dimensions | 77 minuti (Testo: 0 pag.) |
| 500 ## - GENERAL NOTE | |
| General note | Arrangiamento di canzoni celebri. |
| 505 ## - FORMATTED CONTENTS NOTE | |
| Formatted contents note | Tico Tico No Fubà - Chiquita Banana Song - Granada - Mexican Hat Dance - La Virgen de la Macarena - Cielito - Espana Cani - Copacabana - Estrellita - El carretero - El cumbanchero - Brazil - Carioca - The Girl From Ipanema - South of the Border - Sweet and Gentle - Tequila - Lambada - Siboney - Desafinado - Besame Mucho |
| 511 ## - PARTICIPANT OR PERFORMER NOTE | |
| Participant or performer note | Cincinnati Pops Orchestra |
| 650 ## - SUBJECT ADDED ENTRY--TOPICAL TERM | |
| Topical term or geographic name as entry element | ARRANGIAMENTO [COMPACT DISC] |
| Relator term | Codice MATERIA SPICS: 9949 |
| 9 (RLIN) | 29418 |
| 700 ## - ADDED ENTRY--PERSONAL NAME | |
| Personal name | Kunzel Erich |
| Miscellaneous information | Codice interprete SPICS: 34123 |
| Relator term | Interprete |
| 9 (RLIN) | 29419 |
| 942 ## - ADDED ENTRY ELEMENTS (KOHA) | |
| Koha item type | CD AUDIO |
| Source of classification or shelving scheme | Dewey Decimal Classification |
| Withdrawn status | Lost status | Damaged status | Not for loan | Home library | Current library | Date acquired | Total Checkouts | Full call number | Date last seen | Price effective from | Koha item type | Public note |
|---|---|---|---|---|---|---|---|---|---|---|---|---|
| Buone Condizioni | Not For Loan | SPICS-MEDIATECA | SPICS-MEDIATECA | 25/10/2013 | B8897 | 25/10/2013 | 25/10/2013 | CD AUDIO | Progr. Ins.: 926 / N.Vol.: 1 / Copie: 1 - Copia rara: n.d. / date import: 01.01.2014 - By Epidotti, Trombetti, Vaglietti |